Country Decoder - Statistics

General Stats
  • This quiz has been taken 486 times
    475 since last reset
  • The average score is 13 of 19
Answer Stats
Hint Country % Correct
D Greenland is a territory of this country Denmark
97%
A Country sandwiched between spain and France Andorra
93%
E Cities within this country include Memphis, Luxor, and Giza Egypt
89%
I Home of the leprechaun Ireland
86%
S Bordered by Djibouti, Kenya, and Ethiopia Somalia
85%
T Mount Kilimanjaro is located here Tanzania
83%
O The oldest independent state in the Arab world Oman
82%
O Capital is Muscat Oman
82%
P Auschwitz-Birkenau Memorial and Museum is located here Poland
82%
C The length of this country stretches over 4300km (2670mi) Chile
71%
N Home of the Gurkhas Nepal
68%
à Capital is Saint John's Antigua and Barbuda
56%
É Its currency is the nakfa Eritrea
55%
R The majority of the Carpathian mountain range can be found here Romania
54%
Hidden Country São Tomé and Príncipe
53%
M Located within the subregion of Oceania, Micronesia Marshall Islands
48%
Í Home of the Blue Lagoon Iceland
45%
N Its currency is the córdoba Nicaragua
37%
P The only country whose national flag has two different emblems on each side Paraguay
30%
No matching quizzes found
Score Distribution
Percent of People with Each Score
Percentile by Number Answered
Your Score History
You have not taken this quiz since the last reset